| 000 | 01702nam0a22003491 4500 | ||
|---|---|---|---|
| 001 | rc\2582521 | ||
| 005 | 20260204000000.0 | ||
| 035 | _a(NLR Aleph) 006746957 | ||
| 090 |
_a5704045 _c5704045 |
||
| 100 | _a20110914d1927 u y0rusy50 ca | ||
| 101 | 0 | _arus | |
| 102 | _aRU | ||
| 105 | _aa z |||a| | ||
| 135 | _acrcn 024anaba | ||
| 200 | 1 |
_aПереписка друзей или кино-музей _e[Стихи] _fН. Адуев, Арго |
|
| 210 |
_aМосква _aЛенинград _cКино-изд-во РСФСР Кинопечать _d1927 _e[Москва] _gтип. Госиздата "Красный пролетарий" |
||
| 215 |
_a15 с., [1] с. объявл. _cил. _d17х13 см. |
||
| 300 | _aОбложка и иллюстрации: С. Юткевич | ||
| 325 | 1 | _aКопия доступна в электронной библиотеке РНБ | |
| 700 | 1 |
_7ca _8rus _aАдуев _bН. А. _cписатель _f1895-1950 _gНиколай Альфредович _9175391 _3RU\NLR\AUTH\770175442 |
|
| 701 | 1 |
_7ca _8rus _aАрго _bА. М. _cписатель _f1897-1968 _gАбрам Маркович _9175402 _3RU\NLR\AUTH\770175453 |
|
| 801 | 0 |
_aRU _bNLR _gpsbo |
|
| 801 | 1 |
_aRU _bELAR _2rusmarc |
|
| 852 |
_aNLR _j61/268 |
||
| 856 | 0 | _uhttp://vivaldi.nlr.ru/bx000008040/view | |
| 856 | 1 | _uhttp://vivaldi.nlr.ru/bx000008040/cover | |
| 856 | 2 | _uhttp://vivaldi.nlr.ru/bx000008040/text | |
| 901 | _eКнижные издания | ||
| 942 | _cBOOK | ||
| 980 | _aNB | ||
| 981 | 3 | 3 |
_a(33) Художественная литература _b(33) Книги для детей |